| 000 | 00985cam a22003251 4500 | ||
|---|---|---|---|
| 001 | 7506820 | ||
| 003 | OSt | ||
| 005 | 20260129110615.0 | ||
| 008 | 770701s1962 enk 000 0 eng | ||
| 010 | _a 63000359 | ||
| 020 | _a019281205x | ||
| 035 | _a7506820 | ||
| 035 | _a(OCoLC)3087197 | ||
| 040 |
_aKABLIB _cKABLIB _dKABLIB _dKABLIB |
||
| 042 | _apremarc | ||
| 050 | 0 | 0 |
_aP106 _b.A9 1962b |
| 082 |
_223 _a823 _bAUS |
||
| 100 | 1 |
_aAustin, J. L. _q(John Langshaw), _d1911-1960. _914851 |
|
| 245 | 1 | 0 | _aHow to do things with words. |
| 260 |
_aOxford, _boxford university press _cc1962. |
||
| 300 |
_a176 p. _c20 cm. |
||
| 336 |
_atext _btxt _2rdacontent |
||
| 337 |
_aunmediated _bn _2rdamedia |
||
| 338 |
_avolume _bnc _2rdacarrier |
||
| 490 | 0 |
_aThe William James lectures, _v1955 |
|
| 650 | 0 |
_aLanguage and languages _xPhilosophy. _914852 |
|
| 906 |
_a7 _bcbc _coclcrpl _du _encip _f19 _gy-gencatlg |
||
| 942 |
_2ddc _cBOOK |
||
| 999 |
_c5890 _d5890 |
||